000 00640nam a2200229Ia 4500
003 OSt
005 20221007063145.0
006 a|||||r|||| 00| 0
007 ta
008 221006b |||||||| |||| 00| 0 eng d
024 _a10,226
037 _cTextual
040 _aFLL
_cFLL
_beng
041 _2eng
_aeng
082 _aZQ2:1225, L0
100 _aGupte S.V. Au.
_9683860
245 0 _aHindu law of adoption, maintenance,minority and guardianship
260 _aBombay
_bN.M.Tripathi India
_c1970
300 _axxxix,438p
_ccm.
942 _hZQ2:1225, L0
_cTEXL
_2CC
999 _c1130542
_d1130542